Martin Eden; Мартин Иден: книга для чтения на английском языке

Bibliographic Details
Main Author: London J. Jack
Summary:«Мартин Иден» — один из самых известных романов знаменитого американского писателя Джека Лондона (1876-1916). Роман во многом автобиографичен — писатель, как и его герой, вышел из низов общества и добился выдающихся успехов в литературе исключительно собственными усилиями.В предлагаемой вниманию читателей книге представлен неадаптированный текст романа, снабженный комментариями и словарем.«Мартин Идеи» — один из самых известных рома­нов знаменитого американского писателя Джека Лондона (1876-1916). Роман во многом автобиографичен — писа­тель, как и его герой, вышел из низов общества и добился выдающихся успехов в литературе исключительно соб­ственными усилиями.В предлагаемой вниманию читателей книге представ­лен неадаптированный текст романа, снабженный коммен­тариями и словарем.
Language:English
Published: СПб., Каро, 2009
Series:Classical Literature
Subjects:
Format: Book
KOHA link:https://koha.lib.tpu.ru/cgi-bin/koha/opac-detail.pl?biblionumber=160184

MARC

LEADER 00000nam0a2200000 4500
001 160184
005 20231101222153.0
010 |a 9785992502985 
035 |a (RuTPU)RU\TPU\book\173715 
090 |a 160184 
100 |a 20090519d2009 m y0rusy50 ca 
101 0 |a eng 
102 |a RU 
105 |a y z 000ay 
200 1 |a Martin Eden  |a Мартин Иден  |e книга для чтения на английском языке  |f J. London 
210 |a СПб.  |c Каро  |d 2009 
215 |a 512 с. 
225 1 |a Classical Literature 
320 |a Vocabulary: p. 499-510. 
330 |a «Мартин Иден» — один из самых известных романов знаменитого американского писателя Джека Лондона (1876-1916). Роман во многом автобиографичен — писатель, как и его герой, вышел из низов общества и добился выдающихся успехов в литературе исключительно собственными усилиями.В предлагаемой вниманию читателей книге представлен неадаптированный текст романа, снабженный комментариями и словарем.«Мартин Идеи» — один из самых известных рома­нов знаменитого американского писателя Джека Лондона (1876-1916). Роман во многом автобиографичен — писа­тель, как и его герой, вышел из низов общества и добился выдающихся успехов в литературе исключительно соб­ственными усилиями.В предлагаемой вниманию читателей книге представ­лен неадаптированный текст романа, снабженный коммен­тариями и словарем. 
606 1 |a Английский язык  |x Учебные руководства и пособия  |x Хрестоматии, книги для чтения  |2 stltpush  |3 (RuTPU)RU\TPU\subj\29075  |9 52487 
610 1 |a английская литература 
610 1 |a лексика 
610 1 |a домашнее чтение 
610 1 |a художественная литература 
610 1 |a американская литература 
686 |a Ш143.21-923.8  |v LBC/SL-A  |2 rubbk 
700 1 |a London  |b J.  |g Jack 
801 1 |a RU  |b 63413507  |c 20090519  |g PSBO 
801 2 |a RU  |b 63413507  |c 20110516  |g RCR 
942 |c BK 
959 |a 58/20090508  |d 1  |e 161,30  |f ЧЗИЛ:1